000
00355nam a2200157Ia 4500
008
170203s9999 xx 000 0 und d
020
_a
394834550
050
_a
Fic
050
_b
.D923I 1977
100
_a
Dunn, Judy
245
4
_a
The Little Lamb /
260
_a
U.S.A :
260
_b
Ramdon House, Inc.
260
_c
1977
300
_b
col. ill. ;
999
_c
306054
_d
306054